| 000 | 00507nam a2200181Ia 4500 | ||
|---|---|---|---|
| 003 | GCL | ||
| 008 | 140319s9999 xx 000 0 eng d | ||
| 040 |
_aGCL / _cGCL |
||
| 082 | 0 | 4 |
_a155.5 _bS A |
| 100 | 1 | _aCOLLINS, WILTIS | |
| 245 | 1 | 0 |
_aADOLESCENT PSYCHOLOGY: ADEVELOPMENTAL VIEW, 3RD ED / _cCOLLINS, WILTIS |
| 700 | 1 | _aSPRINTHALL, NORMAN A. | |
| 260 |
_a[S.N] : _bMC GRAW - HILL ، _c1995 |
||
| 300 | _a593 P | ||
| 650 | 0 | 4 | _aADOLESCENT PSYCHOLOGY |
| 650 | 0 | 4 | _aCHILD - DEVELOPMENT |
| 942 |
_2ddc _cBK |
||
| 999 |
_c23517 _d23517 |
||